<An> Introduction to Econometrics

Gespeichert in:
Bibliographische Detailangaben
1. Verfasser: Walters, A.A
Format: Buch
Sprache:Englisch
Veröffentlicht: London MacMillan 1968
Ausgabe:1. ed.
Tags: Tag hinzufügen
Keine Tags, Fügen Sie das erste Tag hinzu!

MARC

LEADER 00000nam a2200000 4500
001 c034240
005 20221220103537.7
041 0 |a eng 
044 |a GB 
245 1 0 |a <An> Introduction to Econometrics  |c A.A. Walters 
250 |a 1. ed. 
264 1 |a London  |b MacMillan  |c 1968 
300 |a 377 s. 
100 1 |a Walters, A.A.